Sportarten dumm erklärt - Statistiken

Allgemein
  • Dieses Quiz wurde 2.892 mal gespielt
  • Das Durchschnittsergebnis liegt bei 11 aus 15
Antwortstatistiken
Tipps Antwort % Korrekt
Das Runde muss ins Eckige Fußball
100%
Zwei Leute schlagen einen kleinen Ball hin und her, bis einer von ihnen beschließt, das Spiel mit einem wilden Schrei und einem lauten Schlag zu beenden Tennis
93%
Ein Sport, bei dem Spieler versuchen, einen ovalen Ball über ein riesiges Feld zu werfen, während sie von großen Männern mit Schulterpolstern verfolgt werden, die aussehen, als wären sie direkt aus einem Actionfilm gefallen American Football
82%
Eine Gruppe von Riesen wirft Bälle Basketball
81%
Ball über die Schnur, nur bisschen anders Volleyball
81%
Achtung rutschig! Zwischendurch wird auch Mal geprügelt Eishockey
76%
Ein Spiel, bei dem Männer mit massiven Schultern versuchen, einen Ball vorwärts zu bewegen, während sie sich gegenseitig umarmen und manchmal in einem Haufen landen, der aussieht wie ein Haufen Wäsche Rugby
73%
Menschen schlagen einen kleinen Ball mit einem langen Stock und versuchen, ihn in ein viel zu kleines Loch zu bekommen, während sie sich in einer malerischen Landschaft umherbewegen Golf
72%
Hier schlägt man mit einem Schläger auf den Ball und rennt dann im Kreis. Häää warum?? Baseball
70%
Jede Putzkraft hat hier einen Vorteil Curling
68%
Ein klebriger Ball wird herumgeworfen Handball
67%
Es wird nass! Nur ohne Bahnen wär's eigentlich viel spannender Schwimmen
62%
Man hat Handschuhe an, obwohl es nicht kalt ist. Die können dann auch ziemlich weh tun Boxen
56%
Menschen rennen, springen und werfen Dinge in einer organisierten Art und Weise, während sie versuchen, schneller, höher und weiter zu sein als alle anderen - und manchmal fallen sie auch hin Leichtathletik
44%
Da versucht man tatsächlich drei Stangen zu treffen mit einem Ball und einer steht davor der das verhindern will. Wild!! Cricket
31%
Keine übereinstimmenden Quizze gefunden
Verteilung der Resultate
Anzahl Personen mit jedem Resultat
Perzentil nach korrekt beantworteten Fragen
Ihre Resultats-Entwicklung
Sie haben dieses Quiz noch nicht gespielt